000
00316nam a2200145Ia 4500
100
_a
Baklarz/ George/ Wong/ Bill
942
_c
BK
654
_a
Computer
245
_a
DB2: Universal Database V.7.1 for Unix
260
_b
none
082
_a
5.74
_b
BAK/WON
300
_a
800
546
_a
ENGLISH
999
_c
20058
_d
20058